01045 a2200145 4500003000400000005001700004008004100021020001800062100001400080245002000094260002700114300001100141500033600152520041100488OSt20260213134605.0260213b |||||||| |||| 00| 0 eng d a9788131725337 aMiller M. aCloud Computing bPearsonc2008aChennai a312pp. aKey Benefits: Cost Savings: Eliminates capital expense of buying hardware and software. Scalability & Flexibility: Resources can be scaled up or down instantly to meet demand. Speed: Vast amounts of computing resources can be provisioned in minutes. Global Reach: Applications can be deployed in multiple regions around the world.  aCloud computing is the on-demand delivery of IT resources—including servers, storage, databases, and software—over the internet with pay-as-you-go pricing. Instead of owning and maintaining physical data centers, users access technology services on an as-needed basis from providers like AWS, Microsoft Azure, and Google Cloud. It enables faster innovation, flexible resources, and economies of scale.